[Event "Hamburg HSK Easter op"]
[Site "Hamburg"]
[Date "2025.04.20"]
[Round "6"]
[White "Bezverkhiy, Dmitry"]
[Black "Koehler, Nils"]
[Result "1-0"]
[WhiteElo "1599"]
[BlackElo "1513"]
[PlyCount "39"]
[EventDate "2025.04.18"]
[EventType "swiss"]
[EventRounds "7"]
[EventCountry "GER"]
[SourceTitle "CB20_2025"]
[SourceDate "2025.05.14"]
[SourceVersion "1"]
[SourceVersionDate "2025.05.14"]
[SourceQuality "1"]

1. d4 Nf6 2. Bf4 e6 3. e3 d5 4. Nd2 Bd6 5. Bg3 0-0 6. Ngf3 Nc6 7. c4 dxc4 8. Bxc4 Re8 9. Ne5 Bxe5 10. dxe5 Nd5 11. a3 a6 12. 0-0 b5 13. Ba2 Bb7 14. Qh5 Nxe3 15. fxe3 Qxd2 16. Qxf7+ Kh8 17. Rad1 Qxe3+ 18. Rf2 Nxe5 19. Bxe5 Rf8 20. Qxg7# 1-0

[Event "Hamburg HSK Easter op"]
[Site "Hamburg"]
[Date "2025.04.19"]
[Round "4"]
[White "Pavlov, Dmitriy"]
[Black "Bezverkhiy, Dmitry"]
[Result "1-0"]
[WhiteElo "1647"]
[BlackElo "1599"]
[PlyCount "83"]
[EventDate "2025.04.18"]
[EventType "swiss"]
[EventRounds "7"]
[EventCountry "GER"]
[SourceTitle "CB20_2025"]
[SourceDate "2025.05.14"]
[SourceVersion "1"]
[SourceVersionDate "2025.05.14"]
[SourceQuality "1"]

1. e4 c6 2. d4 d5 3. e5 c5 4. dxc5 Nc6 5. Nf3 e6 6. Be3 Nge7 7. Bd3 Ng6 8. Bxg6 hxg6 9. c3 Bd7 10. Nbd2 Be7 11. Nb3 0-0 12. 0-0 Qc7 13. Bd4 Nxd4 14. cxd4 f6 15. Qc2 f5 16. Qd2 Qd8 17. h3 Kf7 18. g3 Rh8 19. h4 Rh5 20. Kg2 g5 21. hxg5 Bxg5 22. Nxg5+ Qxg5 23. Qxg5 Rxg5 24. f4 Rg4 25. Rh1 g5 26. Rh7+ Kg6 27. Rxd7 gxf4 28. Kf3 fxg3 29. Rg1 Rh8 30. Rxg3 Rhh4 31. Rxg4+ Rxg4 32. Re7 Re4 33. Rxe6+ Kg5 34. Re8 f4 35. e6 Re3+ 36. Kf2 Kf5 37. Rf8+ Ke4 38. e7 Rf3+ 39. Ke2 Re3+ 40. Kd2 Rd3+ 41. Kc2 Re3 42. e8Q+ 1-0

[Event "Hamburg HSK Easter op"]
[Site "Hamburg"]
[Date "2025.04.18"]
[Round "2"]
[White "Bezverkhiy, Dmitry"]
[Black "Malchereck, Romeo"]
[Result "0-1"]
[WhiteElo "1599"]
[BlackElo "1740"]
[PlyCount "88"]
[EventDate "2025.04.18"]
[EventType "swiss"]
[EventRounds "7"]
[EventCountry "GER"]
[SourceTitle "CB20_2025"]
[SourceDate "2025.05.14"]
[SourceVersion "1"]
[SourceVersionDate "2025.05.14"]
[SourceQuality "1"]

1. d4 Nf6 2. Bf4 d5 3. e3 e6 4. Nd2 b6 5. Ngf3 Bb7 6. c3 Nbd7 7. Bd3 c5 8. 0-0 Be7 9. Re1 0-0 10. Ne5 Nxe5 11. dxe5 Nd7 12. Qh5 g6 13. Qh3 Bg5 14. Bxg5 Qxg5 15. Nf3 Qe7 16. Qh6 Rfd8 17. Ng5 Nf8 18. f4 d4 19. cxd4 cxd4 20. Ne4 Bxe4 21. Bxe4 Rac8 22. exd4 Rxd4 23. Bf3 Qb4 24. f5 exf5 25. Qe3 Ne6 26. Bd1 Qxb2 27. Bb3 Re4 28. Qf2 Qxe5 29. Rxe4 fxe4 30. Rd1 e3 31. Qe2 Nd4 32. Qg4 Rd8 33. Bxf7+ Kxf7 34. Rf1+ Kg7 35. h4 e2 36. Re1 Qe3+ 37. Kh2 Qd2 38. Qg3 Ne6 39. Qe5+ Kf7 40. Rxe2 Qd6 41. Rf2+ Ke7 42. Qxd6+ Rxd6 43. Kg3 Rd3+ 44. Kg4 h5# 0-1